<?xml version="1.0" encoding="UTF-8"?><?xml-stylesheet type="text/xsl" href="static/style.xsl"?><OAI-PMH xmlns="http://www.openarchives.org/OAI/2.0/" xmlns:xsi="http://www.w3.org/2001/XMLSchema-instance" xsi:schemaLocation="http://www.openarchives.org/OAI/2.0/ http://www.openarchives.org/OAI/2.0/OAI-PMH.xsd"><responseDate>2026-04-17T11:31:12Z</responseDate><request verb="GetRecord" identifier="oai:riubu.ubu.es:10259/39" metadataPrefix="marc">https://riubu.ubu.es/oai/request</request><GetRecord><record><header><identifier>oai:riubu.ubu.es:10259/39</identifier><datestamp>2022-04-27T08:26:26Z</datestamp><setSpec>com_10259_2699</setSpec><setSpec>col_10259_2705</setSpec></header><metadata><record xmlns="http://www.loc.gov/MARC21/slim" xmlns:doc="http://www.lyncode.com/xoai" xmlns:xsi="http://www.w3.org/2001/XMLSchema-instance" xmlns:dcterms="http://purl.org/dc/terms/" xsi:schemaLocation="http://www.loc.gov/MARC21/slim http://www.loc.gov/standards/marcxml/schema/MARC21slim.xsd">
<leader>00925njm 22002777a 4500</leader>
<datafield tag="042" ind1=" " ind2=" ">
<subfield code="a">dc</subfield>
</datafield>
<datafield tag="720" ind1=" " ind2=" ">
<subfield code="a">Moral Garachana, Óscar</subfield>
<subfield code="e">author</subfield>
</datafield>
<datafield tag="260" ind1=" " ind2=" ">
<subfield code="c">2004</subfield>
</datafield>
<datafield tag="520" ind1=" " ind2=" ">
<subfield code="a">La presente tesis aborda un detallado estudio sobre la actividad artística en&#xd;
general, y arquitectónica en particular, desarrollada dentro de la comarca de la sierra&#xd;
burgalesa durante la Edad Moderna. No obstante, el estudio excede este propósito tan&#xd;
concreto para adentrarse en un análisis en profundidad de la realidad de aquel período,&#xd;
hasta convertirse en una historia total. La Sierra burgalesa cuenta con una personalidad&#xd;
bien definida, sin embargo, no ha contado con estudios de naturaleza histórica o&#xd;
artística, si exceptuamos el periodo medieval. En el presente trabajo se expone, además,&#xd;
un modelo de estudio de los fenómenos históricos y artísticos protagonizados por el&#xd;
mundo rural. En todo ello se incluye un claro componente reivindicativo, que aboga por&#xd;
la conservación y difusión de su importante patrimonio cultural.________________________&#xd;
This Thesis aims at gaining an insightful grasp of artistic production, in broad&#xd;
terms, and architectural creation in particular, which took place in the Eastern Range&#xd;
within Burgos province from the XVth century to the XVIIIth century. However, the&#xd;
scope of research goes beyond this as it endeavours to look into every aspect of life at&#xd;
that time, growing into a comprehensive historical study.&#xd;
In the province of Burgos, the Mountain Range is one of the areas with a well&#xd;
defined personality. Paradoxically, there has not been any historical or artistic study&#xd;
except for the Medieval Age.&#xd;
The study proposes a method to be undertaken when studying rurally-based&#xd;
historical events and artistic creation. Indeed, the tone-setting statements throughout the&#xd;
study proposes stronger determination in preserving and promoting its privileged&#xd;
cultural heritage.</subfield>
</datafield>
<datafield tag="024" ind2=" " ind1="8">
<subfield code="a">978-84-96394-57-5</subfield>
</datafield>
<datafield tag="024" ind2=" " ind1="8">
<subfield code="a">http://hdl.handle.net/10259/39</subfield>
</datafield>
<datafield tag="024" ind2=" " ind1="8">
<subfield code="a">10.36443/10259/39</subfield>
</datafield>
<datafield ind1=" " ind2=" " tag="653">
<subfield code="a">Arquitectura</subfield>
</datafield>
<datafield ind1=" " ind2=" " tag="653">
<subfield code="a">Burgos</subfield>
</datafield>
<datafield ind1=" " ind2=" " tag="653">
<subfield code="a">Historia</subfield>
</datafield>
<datafield ind1=" " ind2=" " tag="653">
<subfield code="a">Arte</subfield>
</datafield>
<datafield ind1=" " ind2=" " tag="653">
<subfield code="a">Rural</subfield>
</datafield>
<datafield ind1=" " ind2=" " tag="653">
<subfield code="a">Architecture</subfield>
</datafield>
<datafield ind1=" " ind2=" " tag="653">
<subfield code="a">History</subfield>
</datafield>
<datafield ind1=" " ind2=" " tag="653">
<subfield code="a">Art</subfield>
</datafield>
<datafield tag="245" ind1="0" ind2="0">
<subfield code="a">Arquitectura durante la Edad Moderna en la sierra burgalesa</subfield>
</datafield>
</record></metadata></record></GetRecord></OAI-PMH>